000 00806nam a2200217Ia 4500
999 _c40289
_d40289
001 6897
003 GE_BSU
005 20200130120346.0
008 181216s1957||||g |||||||||||||| ||ge ||
040 _cGE_BSU
041 _ageo
080 _a82-93 გ-69
100 _aგორგანელი, ვახტანგ.
_96511
245 _aდედის იმედი :
_bლექსები /
_cვახტანგ გორგანელი ; რედ. ხ. ბერულავა.
264 _aთბილისი :
_bსაბლიტგამი,
_c1957.
300 _a95 გვ. ;
_c19 სმ.
653 _aდედის იმედი
653 _aლექსები
700 _aბერულავა. ხ.
_eრედაქტორი
_93738
942 _cBK
_2udc